| 000 | 00782nam a22002055i 4500 | ||
|---|---|---|---|
| 001 | 164153 | ||
| 003 | ES-MaACL | ||
| 005 | 20230906212900.0 | ||
| 008 | 950206m18861887sp |||| | spa d | ||
| 040 |
_aCARM _bspa |
||
| 100 | 0 |
_aRuiz de Alarcón y Mendoza, Juan. _9100719 |
|
| 245 | 1 | 0 | _aComedias escogidas de Juan Ruiz de Alarcón. |
| 260 |
_aBarcelona : _bDaniel Cortezo y Cª, _c1886-1887. |
||
| 300 |
_a2 v.(290 ; 274 p.) ; _c20 cm. |
||
| 490 | 1 | _aBiblioteca Clásica Española | |
| 505 | 8 | _aContiene: T. I. Los favores del mundo ; Mudarse por mejorarse ; La verdad sospechosa - T. II. Ganar amigos ; Examen de maridos ; Los pechos privilegiados | |
| 830 | 0 |
_aBiblioteca Clásica Española _9182443 |
|
| 852 |
_aES-MaACL _jB-741-42 _z-- Enc. tela |
||
| 999 |
_c164153 _d164153 |
||